40 films français en images - Statistiques

Statistiques générales
  • Ce quiz a été pris 211 fois
  • Le résultat moyen est 23 sur 40
Statistiques - réponses
Par images Réponse % Correct
Les visiteurs
95%
Les Tuche
93%
Le dîner de cons
89%
Taxi
87%
La grande vadrouille
86%
La haine
84%
Un indien dans la ville
82%
Le fabuleux destin d'Amélie Poulain
81%
La tour Montparnasse infernale
80%
Cyrano de Bergerac
79%
Le Père Noël est une ordure
79%
Les trois frères
79%
La vie d'Adèle
73%
La môme
69%
Baby sitting
68%
Le comte de Monte Cristo
68%
La cité de la peur
67%
La famille Bélier
67%
Le cinquième élément
62%
Didier
59%
La vérité si je mens
59%
Fatal
56%
La folie des grandeurs
54%
Nos jours heureux
53%
Polisse
51%
Case départ
49%
Podium
49%
La chèvre
48%
La gloire de mon père
48%
Le grand bleu
46%
La vie est un long fleuve tranquille
44%
Les tontons flingueurs
44%
Tatie Danielle
42%
Papy fait de la résistance
36%
La cage aux folles
31%
Tchao Pantin
28%
L'as des as
27%
Jean de Florette
21%
Le bonheur est dans le pré
12%
Le bal des casse-pieds
5%
Aucun quiz correspondant
Distribution des résultats
% des personnes avec chaque résultat
Percentile par nombre de réponses
Votre historique - résultats
Vous n’avez pas pris ce quiz